000 01024njm a22002897a 4500
005 20100914152621.0
007 sd ammalaaahaa
008 100913t xxu||||| |||| 00| 0 hin d
028 _a45 NLP 2040
_bEMI
035 _aGR-03240
040 _aSED/VEN
100 _aGanguly, Sunil
_91184
245 _aChana jor garam /
_cby Sunil Ganguly
_h[sound recording] :
246 _aचना जोर गरम / सुनील गांगुली द्वारा
260 _aDum Dum India
_bEMI
_c1981
300 _a1 sound disc [Gramophone record] :
_banalog, 33 1/3 rpm
_c12.5 in. (LP)
_fGramophone Record
500 _aBrief Record
500 _aRecord label :EMI, Red
505 _aSide 2 Looie shama sha
600 _aBhosle, Asha
_919992
650 _aHindi film song
_xExcerpts
_zIndia
_920525
650 _aInstrumental electric guitar
_920526
700 _919604
700 _919605
942 _2ddc
_cGR
999 _c46496
_d46496